Real decreto de creación del Instituto de Sueroterapia, Vacunación y Bacteriología de Alfonso XIII y reglamento para su aplicación... (Record no. 48438)

MARC details
000 -LEADER
campo de control de longitud fija 00925nam a22002295i 4500
001 - NÚMERO DE CONTROL
campo de control 48438
003 - IDENTIFICADOR DE NÚMERO DE CONTROL
campo de control ES-MaACL
005 - FECHA Y HORA DE LA ÚLTIMA TRANSACCIÓN
campo de control 20230906161743.0
007 - CAMPO FIJO DE DESCRIPCIÓN FÍSICA--INFORMACIÓN GENERAL
campo de control de longitud fija t|
008 - DATOS DE LONGITUD FIJA--INFORMACIÓN GENERAL
campo de control de longitud fija 950905s1900 sp ||||1| spa d
040 ## - FUENTE DE CATALOGACIÓN
Centro catalogador/agencia de origen CAM
Lengua de catalogación spa
Centro/agencia transcriptor CAM
245 00 - MENCIÓN DEL TÍTULO
Título Real decreto de creación del Instituto de Sueroterapia, Vacunación y Bacteriología de Alfonso XIII y reglamento para su aplicación...
250 ## - MENCION DE EDICION
Mención de edición Ed. oficial.
260 ## - PUBLICACIÓN, DISTRIBUCIÓN, ETC.
Lugar de publicación, distribución, etc. Madrid :
Nombre del editor, distribuidor, etc. Dirección General de Sanidad,
Fecha de publicación, distribución, etc. 1900 (
Fabricante Imp. de la Sucesora de M. Minuesa de los Ríos)
300 ## - DESCRIPCIÓN FÍSICA
Extensión 24 p. ;
Dimensiones 23 cm.
500 ## - NOTA GENERAL
Nota general Precede al título: Ministerio de la Gobernación, Dirección General de Sanidad.
710 1# - ENTRADA AGREGADA--NOMBRE DE ENTIDAD CORPORATIVA
Nombre de entidad corporativa o nombre de jurisdicción como elemento de entrada España.
Unidad subordinada Dirección General de Sanidad.
9 (RLIN) 3905
710 2# - ENTRADA AGREGADA--NOMBRE DE ENTIDAD CORPORATIVA
Nombre de entidad corporativa o nombre de jurisdicción como elemento de entrada Instituto de Sueroterapia, Vacunación y Bacteriología de Alfonso XIII.
9 (RLIN) 5012
852 ## - LOCALIZACIÓN
Ubicación ES-MaACL
Número de control de estantería T-1009-F-4
852 ## - LOCALIZACIÓN
Ubicación ES-MaACL
Número de control de estantería Fol-Laf-235
852 ## - LOCALIZACIÓN
Ubicación ES-MaACL
Número de control de estantería T-1045-F-15
Holdings
Estatus retirado Estado de pérdida Estado de daño No para préstamo Colección Biblioteca de origen Biblioteca actual Ubicación en estantería Fecha de adquisición Fuente de adquisición Total de préstamos Signatura topográfica completa Código de barras Visto por última vez Precio de reemplazo Tipo de ítem Koha
        Colección de folletos Biblioteca del Ateneo de Madrid Biblioteca del Ateneo de Madrid Depósito folletos 17/01/2008     T-1045-F-15 1050976 23/02/2023 23/02/2023 Folleto
        Colección de folletos Biblioteca del Ateneo de Madrid Biblioteca del Ateneo de Madrid Depósito folletos 17/01/2008     T-1009-F-4 1050974 23/02/2023 23/02/2023 Folleto
        Colección de folletos Biblioteca del Ateneo de Madrid Biblioteca del Ateneo de Madrid Depósito folletos 17/01/2008     Fol-Laf-235 1050975 23/02/2023 23/02/2023 Folleto